The law of non-navigational uses of international watercourses

Bibliographic Details
Main Author: Bruhacs, Janos (Author)
Format: Book
Published: Dordrecht ;Boston : M. Nijhoff , c1993
Subjects:

MARC

LEADER 00000cam a2200000 7i4500
001 0000007191
005 20040217093000.0
020 |a 0792318226 
090 0 0 |a JX4150   |b .B7813 1992 
100 0 |a Bruhacs, Janos ,   |e author 
245 1 4 |a The law of non-navigational uses of international watercourses   |c J. Bruhacs   |f [translated by M. Zehery] 
260 2 |a Dordrecht ;Boston :   |b M. Nijhoff ,   |c c1993 
300 |a 250 p. ;   |c 25 cm. 
650 0 |a International rivers 
650 0 |a Water rights (International law) 
999 |a 1000022074   |b Book   |c OPEN SHELF (30 DAYS)   |e Gong Badak Campus